Hábitat temporal de emergencia

Gorde:
Xehetasun bibliografikoak
Egile nagusia: Torres Mora, René
Beste egile batzuk: Molina Granados, Rodolfo, 1950- Director del TFG
Formatua: Liburua
Hizkuntza:Spanish
Argitaratua: [San José, Costa Rica] 2018
Gaiak:
Etiketak: Etiketa erantsi
Etiketarik gabe, Izan zaitez lehena erregistro honi etiketa jartzen!

MARC

LEADER 00000nam a22000007a 4500
003 EA0252
005 20230307083822.0
008 190703b2018 cr a|||| |m|| 00| ||spa d
040 |c cru CEDI 
100 |9 17348  |a Torres Mora, René 
245 |a Hábitat temporal de emergencia  
260 |a  [San José, Costa Rica]  |c 2018 
500 |a  Proyecto de graduación (licenciatura en arquitectura)--Universidad de Costa Rica. Facultad de Ingeniería. Escuela de Arquitectura 
501 |a Director de Proyecto de Graduación: Mag. Rodolfo Molina Granados (Arq.) 
650 |x VIVIENDAS TEMPORALES - DISEÑOS Y PLANOS   |x FAMILIA - POASITO (SABANILLA, ALAJUELA, COSTA RICA)   |x ARQUITECTURA DOMESTICA   |x ARQUITECTURA Y CLIMA   |x DESASTRES NATURALES   |x CONSTRUCCIONES PREFABRICADAS   |x ANALISIS PLASTICO (TEORIA DE LAS ESTRUCTURAS)   |x EMERGENCIAS EN DESASTRES  |9 17349 
700 |9 66  |a Molina Granados, Rodolfo, 1950-  |d Director del TFG  
942 |c CEDI  |h TFG EA-252  |6 TFG_EA252 
999 |c 21729  |d 21729